| 000 | 00000nam##2200000za#4500 |
| 001 | 9.574393 |
| 003 | CaOODSP |
| 005 | 20210624184149 |
| 007 | cr ||||||||||| |
| 008 | 150406|2008||||xxc|||||o f|0| 0 eng|d |
| 022 | |a1488-5379 |
| 040 | |aCaOODSP|beng |
| 043 | |an-cn--- |
| 086 | 1 |aFs97-6/2792E-PDF |
| 110 | 1 |aCanada. |bDepartment of Fisheries and Oceans. |
| 245 | 10|aHistoric inshore distributions of hatchery and wild juvenile salmon and young-of-the-year herring in the Strait of Georgia, British Columbia, with implications for explaining variability in the returns of coho and chinook salmon / |h[electronic resource]|cby R. W. Tanasichuk, A. W. Argue and R. W. Armstrong. |
| 260 | |aNanaimo - British Columbia : |bFisheries and Oceans Canada |c2008. |
| 300 | |a44p.|bgraphs, map, tables |
| 490 | 1 |aCanadian technical report of fisheries and aquatic sciences|x1488-5379|v2792 |
| 500 | |aThe catalogue number (Fs97-6/2792E) and ISSN (0706-6457) for the print edition have been incorrectly copied in this electronic publication. |
| 546 | |a(Résumé en français) |
| 590 | |a12-33-Supp|b2012-07-18 |
| 720 | 1 |aArmstrong, R. W. |
| 720 | 1 |aArgue, A. W. |
| 720 | 1 |aTanasichuk, R. W. |
| 776 | 0#|tHistoric inshore distributions of hatchery and wild juvenile salmon and young-of-the-year herring in the Strait of Georgia, British Columbia, with implications for explaining variability in the returns of coho and chinook salmon / |w(CaOODSP)9.619084 |
| 830 | #0|aCanadian technical report of fisheries and aquatic sciences,|x1488-5379|v2792|w(CaOODSP)9.504449 |
| 856 | 40|ahttp://publications.gc.ca|qPDF|s1.64 MB|uhttps://publications.gc.ca/collections/collection_2012/mpo-dfo/Fs97-6-2792-eng.pdf|y2792 |